Pseudonimi e nomi d'arte italiani - 2 - Statistics

Statistiche generali
  • Questo quiz è stato fatto 168 volte
  • Il punteggio medio è 6 su 15
Statistiche sulle risposte
Nome e Cognome Ruolo Nome d'arte / Pseudonimo % Corretto
Lorenzo Cherubini Cantautore Jovanotti
99%
Federico Leonardo Lucia Rapper Fedez
86%
Filippo Neviani Cantautore Nek
77%
Renato Fiacchini Cantautore Renato Zero
50%
Mara Povoleri Conduttrice TV Mara Venier
48%
Enzo Ghinazzi Cantautore Pupo
46%
Sofia Scicolone Attrice Sophia Loren
43%
Wladimiro Guadagno Personaggio TV Vladimir Luxuria
43%
Mario Girotti Attore Terence Hill
38%
Anna Maria Barbera Comica Sconsolata
33%
Fabio Bartolo Rizzo Rapper Marracash
26%
Andrea Baccan Comico Andrea Pucci
21%
Marcello Macchia Comico Maccio Capatonda
16%
Salvatrice Elena Greco Attrice Sandra Milo
12%
Maria Chiara Fraschetti Cantautrice Nina Zilli
5%
Nessun quiz corrispondente trovato
Distribuzione punteggi
Percentuale di utenti per punteggio
Percentile per numero di risposta
I tuoi punteggi nel tempo
Non hai fatto questo quiz